| 000 | 01052nas a2200337 4500 | ||
|---|---|---|---|
| 001 | BR0101051 | ||
| 003 | BR-BrBNA | ||
| 005 | 20231205102105.0 | ||
| 007 | ta | ||
| 008 | 230509b bl.|||p| |||| 00| 00por d | ||
| 040 |
_aBR-BrBNA _bpor _cBiblioteca Nacional de Agricultura |
||
| 041 | _a(Pt) | ||
| 072 | _aF01; F62 | ||
| 100 | 1 | _aAyub, R.A. | |
| 100 | 1 | _aFuriatti, R.S. | |
| 100 | 1 | _aPereira, A.B. | |
| 100 | 1 | _aReghin, M.Y. | |
| 100 | 1 | _aBanzatto, D.A. | |
| 100 | 1 | _aOliveira, A.V. de | |
| 245 | 1 | _aAcido giberelico, bissulfureto de carbono e acido 2-4 cloroetil fosfonico e a dormencia e produtividade de tuberculos de batata | |
| 650 | _aBatata | ||
| 650 | _aTubeculo | ||
| 650 | _aFisiologia Vegetal | ||
| 650 | _aAcido Giberelico | ||
| 650 | _aAcido Cloro-Etilfosfonico | ||
| 650 | _aRegulador de Crescimento | ||
| 650 | _aQuebra da Dormencia | ||
| 773 | 0 |
_tScientia Agricola (Brazil) _xISSN 0103-9016 _g(Oct-Dec 1999), v. 56(4) p. 1015-1018 _wBR0101051 |
|
| 909 |
_a202311 _bLúcia _c55 _dLúcia Elande |
||
| 942 |
_2AGRIS _n0 _cANA |
||
| 999 |
_c165687 _d165687 |
||